ბათუმის შოთა რუსთაველის სახელმწიფო უნივერსიტეტის ბიბლიოთეკა

Адвокат в судопроизводстве (ბიბ.ჩანაწერი № 36061)

000 -LEADER
fixed length control field 00591nam a2200217Ia 4500
001 - CONTROL NUMBER
control field 1961
003 - CONTROL NUMBER IDENTIFIER
control field GE_BSU
008 - FIXED-LENGTH DATA ELEMENTS--GENERAL INFORMATION
fixed length control field 181216s||||||||xx |||||||||||||| ||und||
040 ## - CATALOGING SOURCE
Transcribing agency GE_BSU
080 ## - UNIVERSAL DECIMAL CLASSIFICATION NUMBER
Universal Decimal Classification number 347.921(075.8)+343.139(075.8)
100 ## - MAIN ENTRY--PERSONAL NAME
Personal name Власов,А.А.
245 ## - TITLE STATEMENT
Title Адвокат в судопроизводстве
245 ## - TITLE STATEMENT
Remainder of title Краткий учебный курс
260 ## - PUBLICATION, DISTRIBUTION, ETC.
Place of publication, distribution, etc. Москва
260 ## - PUBLICATION, DISTRIBUTION, ETC.
Name of publisher, distributor, etc. Норма
260 ## - PUBLICATION, DISTRIBUTION, ETC.
Date of publication, distribution, etc. 2005
300 ## - PHYSICAL DESCRIPTION
Extent 304стр. 19см.
653 ## - INDEX TERM--UNCONTROLLED
Uncontrolled term Адвокат в судопроизводстве
942 ## - ADDED ENTRY ELEMENTS (KOHA)
Koha item type წიგნი
ეგზემპლარები
Withdrawn status Lost status Damaged status Not for loan Date acquired Barcode Date last seen Price effective from Koha item type
        2018-12-17 3801 2018-12-17 2018-12-17 წიგნი